| 000 | 00651nam a2200169 a 4500 | ||
|---|---|---|---|
| 008 | 070626s2007 ||||||||||||||||| || u | ||
| 020 | _a0821368540 | ||
| 050 | _aHD 2117 Chr | ||
| 100 | _aChristiaensen, Luc | ||
| 245 | 1 | 0 | _aDown to earth : agriculture and poverty reduction in Africa |
| 260 |
_aWashington, D. C. _bWorld Bank _c2007 |
||
| 300 | _axi, 105p.: ill. | ||
| 350 | _a0.00 | ||
| 650 | _aAGRICULTURE--ECONOMIC ASPECTS--AFRICA, SUB-SAHARAN | ||
| 700 | _aDemery, Lionel | ||
| 995 |
_D0.00 _FCBU-MAIN LIBRARY (Kitwe) _H1 _I0.00 _M1 _UAVAILABLE _WJun 26, 2007 _ZMain Library Open Access Collection |
||
| 999 |
_c40468 _d40468 |
||